| 000 | 00905nam a22002297a 4500 | ||
|---|---|---|---|
| 999 |
_c12049 _d12049 |
||
| 003 | AR-CdUCM | ||
| 008 | 190405b ||||| |||| 00| 0 spa d | ||
| 040 |
_aMUNICIPALIDAD PROVINCIAL DEL CUSCO _cBIBLIOTECA MUNICIPAL DEL CUSCO |
||
| 082 |
_aC / 376.6 / _bC93 |
||
| 100 |
_aCuadros, Carlos Ferdinand _929707 |
||
| 245 |
_aSentido creador de la universidad : _bideas para un programa de reforma universitaria / |
||
| 260 |
_aCusco : _bGarcilaso, _c1960. |
||
| 300 |
_a25 páginas ; _c23 cm. |
||
| 440 |
_aEdiciones del centro de estudios jurídicos. _n13 _924317 |
||
| 500 | _aExlibris Cuzco nuevo 9. | ||
| 505 | _aContenido: El principio básico de la reforma -- Funciones de la Universidad -- La mentalidad de la nueva Universidad. | ||
| 650 |
_aReforma Universitaria _91992 |
||
| 650 |
_aPerú _935 |
||
| 650 |
_aFunciones Universitarias _929708 |
||
| 942 |
_2ddc _cLIBROS |
||
| 945 |
_aachl _d2019-04-05 |
||